|
|
|
|
| LEADER |
01687cas a2200241 a 4500 |
| 001 |
AALejournalIMF014349 |
| 008 |
230101c9999 xx r poo 0 0eng d |
| 020 |
|
|
|c 5.00 USD
|
| 020 |
|
|
|z 9781484355619
|
| 022 |
|
|
|a 1934-7685
|
| 040 |
|
|
|a BD-DhAAL
|c BD-DhAAL
|
| 110 |
2 |
|
|a International Monetary Fund.
|b Asia and Pacific Dept.
|
| 245 |
1 |
0 |
|a Republic of Korea :
|b Staff Report for the 2013 Article IV Consultation.
|
| 264 |
|
1 |
|a Washington, D.C. :
|b International Monetary Fund,
|c 2014.
|
| 300 |
|
|
|a 1 online resource (64 pages)
|
| 490 |
1 |
|
|a IMF Staff Country Reports
|
| 500 |
|
|
|a <strong>Off-Campus Access:</strong> No User ID or Password Required
|
| 500 |
|
|
|a <strong>On-Campus Access:</strong> No User ID or Password Required
|
| 506 |
|
|
|a Electronic access restricted to authorized BRAC University faculty, staff and students
|
| 520 |
3 |
|
|a This 2013 Article IV Consultation highlights that the Republic of Korea has experienced impressive growth since the 1970s, enabling it to escape the middle-income trap. Policies should aim to tackle the weakness of domestic demand and counter forthcoming headwinds to potential growth. Korea is reaping the benefits of prudent macroeconomic management and financial moderation. The economy faces significant medium-term growth and inclusiveness challenges. Slow household income growth hinders stabilization in household debt and weighs on domestic demand, while services sector productivity is very low.
|
| 538 |
|
|
|a Mode of access: Internet
|
| 830 |
|
0 |
|a IMF Staff Country Reports; Country Report ;
|v No. 2014/101
|
| 856 |
4 |
0 |
|z Full text available on IMF
|u http://elibrary.imf.org/view/journals/002/2014/101/002.2014.issue-101-en.xml
|z IMF e-Library
|